000 00355nam a22001337a 4500
999 _c17863
_d17863
008 190730b xxu||||| |||| 00| 0 eng d
020 _a1855391929
050 _aLB1060
_b.F54 2007 c.1
100 _aFleetham, Mike
245 _aMultiple Intelligences
_cMike Fleetham
260 _aLondon
_bNetwork Continuum
_c2007
300 _a96p.
942 _2lcc
_cBK